[Event "Titled Tuesday intern Qual2 11th April"]
[Site "Chess.com INT"]
[Date "2017.04.11"]
[Round "6"]
[White "Yanev, Tihomir"]
[Black "Wieczorek, Oskar"]
[Result "0-1"]
[WhiteElo "2371"]
[BlackElo "2484"]
[PlyCount "250"]
[EventDate "2017.04.11"]
[EventType "swiss (blitz)"]
[EventRounds "10"]
[EventCountry "USA"]
[SourceTitle "EXT 2021"]
[Source "ChessBase"]
[SourceDate "2020.10.23"]
[SourceVersion "1"]
[SourceVersionDate "2020.10.23"]
[SourceQuality "1"]

1. d4 g6 2. e4 d6 3. Nc3 Bg7 4. Bc4 a6 5. a4 b6 6. Nf3 Bb7 7. 0-0 e6 8. Re1 Ne7 9. Bf4 Nd7 10. Qd2 h6 11. Rad1 g5 12. Bg3 Ng6 13. h3 0-0 14. Qe3 Qe7 15. e5 d5 16. Bd3 c5 17. dxc5 bxc5 18. Bxg6 fxg6 19. Qe2 Rf5 20. Rd3 Raf8 21. Nd1 d4 22. Nd2 Nxe5 23. Rb3 Bd5 24. Rb6 Qc7 25. a5 Qd7 26. c4 dxc3 27. Nxc3 Nc6 28. Nxd5 exd5 29. Qe6+ Qxe6 30. Rxe6 Nxa5 31. Rxa6 Nc4 32. Nxc4 dxc4 33. Rxg6 R8f6 34. Ra8+ Kh7 35. Rxf6 Bxf6 36. Ra4 Bxb2 37. Rxc4 Bd4 38. Kf1 Kg6 39. Ke2 Kf6 40. f3 Ke6 41. Kd3 Kd5 42. Rc2 Rf7 43. h4 Rb7 44. hxg5 hxg5 45. Be1 Rb3+ 46. Ke2 Re3+ 47. Kf1 c4 48. Bd2 Re5 49. Bb4 g4 50. fxg4 Re4 51. g5 Rg4 52. Bd2 Ke4 53. Rxc4 Kd3 54. Rxd4+ Kxd4 55. Kf2 Ke4 56. g3 Kf5 57. Kf3 Ra4 58. Bf4 Ra3+ 59. Kf2 Kg4 60. Ke2 Kf5 61. Kf2 Ke4 62. g6 Ra6 63. g7 Rg6 64. Ke2 Rxg7 65. Kf2 Rb7 66. Kg2 Rb2+ 67. Kh3 Kf3 68. Kh4 Rb5 69. Bd6 Rd5 70. Bf4 Ke4 71. Kg4 Rd8 72. Kg5 Rg8+ 73. Kf6 Kf3 74. Kf5 Ra8 75. Kg5 Ra5+ 76. Kf6 Ke4 77. Kg6 Ra6+ 78. Kg5 Ra5+ 79. Kg4 Kd5 80. Kf5 Kd4+ 81. Kf6 Ke4 82. Kg6 Rf5 83. Kh6 Kf3 84. Kg6 Kg4 85. Kh6 Rf6+ 86. Kg7 Re6 87. Kf7 Rc6 88. Ke7 Kf5 89. Kd7 Ra6 90. Kc7 Ke4 91. Kb7 Rg6 92. Ka8 Kd5 93. Kb7 Rf6 94. Kc7 Kc5 95. Kd7 Kd5 96. Ke7 Ra6 97. Kf7 Ke4 98. Ke7 Kf5 99. Kd7 Kf6 100. Kc7 Ke6 101. Kb7 Ra4 102. Kc6 Rc4+ 103. Kb5 Kd5 104. Kb6 Rb4+ 105. Kc7 Rb5 106. Kc8 Kc6 107. Kd8 Rb7 108. Ke8 Kd5 109. Kd8 Ke6 110. Kc8 Ra7 111. Kb8 Rh7 112. Kc8 Kd5 113. Kd8 Ke6 114. Kc8 Rd7 115. Kb8 Kd5 116. Kc8 Kc6 117. Kb8 Rd8+ 118. Ka7 Re8 119. Bb8 Re7+ 120. Ka8 Kb6 121. g4 Rg7 122. g5 Rg6 123. Ba7+ Ka6 124. Bb8 Rg7 125. g6 Kb6 0-1

[Event "Titled Tuesday intern op 7th March"]
[Site "Chess.com INT"]
[Date "2017.03.07"]
[Round "4"]
[White "Bouget, Alexandre"]
[Black "Yanev, Tihomir"]
[Result "0-1"]
[WhiteElo "2211"]
[BlackElo "2371"]
[PlyCount "78"]
[EventDate "2017.03.07"]
[EventType "swiss (blitz)"]
[EventRounds "11"]
[EventCountry "USA"]
[SourceTitle "EXT 2021"]
[Source "ChessBase"]
[SourceDate "2020.10.23"]
[SourceVersion "1"]
[SourceVersionDate "2020.10.23"]
[SourceQuality "1"]

1. d4 Nf6 2. c4 g6 3. Nc3 Bg7 4. e4 d6 5. Be2 0-0 6. Nf3 c5 7. d5 Nbd7 8. 0-0 a6 9. Bf4 Ng4 10. h3 Nge5 11. Nxe5 Nxe5 12. Qd2 Re8 13. Bh6 Bh8 14. f4 Nd7 15. Bd3 b5 16. cxb5 axb5 17. Bxb5 Ba6 18. Bxa6 Rxa6 19. Rae1 Qa8 20. Re2 Bd4+ 21. Kh1 Rb8 22. Bg5 f6 23. Bh4 Nb6 24. b3 Bxc3 25. Qxc3 Rxa2 26. Rxa2 Qxa2 27. Re1 Nd7 28. Re3 Rb4 29. Bg3 Qb1+ 30. Kh2 Rxe4 31. Rxe4 Qxe4 32. Qa5 Kf7 33. Qd8 Nf8 34. Qa8 Qb4 35. Qa2 Nd7 36. Qe2 Nf8 37. f5 Qxb3 38. fxg6+ hxg6 39. Qd1 Qxd1 0-1